Ensayo sobre Chile

Saved in:
Bibliografiske detaljer
Hovedforfatter: Pérez Rosales, Vicente (Author)
Format: Bog
Sprog:spansk
Udgivet: Santiago Universidad de Chile 1986
Serier:Colección Libros de Chile, 1
Fag:
Tags: Tilføj Tag
Ingen Tags, Vær først til at tagge denne postø!

MARC

LEADER 00000nam a2200000 a 4500
001 UCY8247
003 CL-VaPUC
008 950703e19860000CL |||||||||||||||||spa|d
082 0 4 |a 918.3  |b PER  |2 21 
100 0 |a Pérez Rosales, Vicente  |e author  |9 339491 
245 1 0 |a Ensayo sobre Chile 
300 |a 351 p 
942 |c BK 
945 |d 19950703 00:00:00  |a rbrito 
260 |a Santiago  |b Universidad de Chile  |c 1986 
650 0 |a Historia  |9 255047 
650 0 |a Historiadores  |9 314498 
650 0 |a Climatología   |9 262302 
650 7 |a HIDROGRAFIA  |2 CL-VaPUC  |9 261115 
650 0 |a Historia colonial   |9 255211 
651 7 |a CHILE  |2 CL-VaPUC  |9 339492 
583 |a last modification  |c 19950703 00:00:00  |k Rodrigo Vera 
490 0 |a Colección Libros de Chile, 1 
999 |c 235522  |d 235520 
952 |0 0  |1 0  |4 0  |6 918_300000000000000_PER_1986  |7 0  |8 A  |9 243011  |a BIBEDU  |b BIBEDU  |d 2019-11-18  |i 3096599  |o 918.3 PER 1986  |p 3096599  |r 2019-11-18  |w 2019-11-18  |y BK  |k LIT